000 00297nam a2200133Ia 4500
005 20251222151313.0
008 251222s9999||||xx |||||||||||||| ||spa||
020 _a312306261
082 _a813.54/E96
100 _aEvanovich, Janet
245 0 _aEleven on Top
250 _a1ra.ed.
942 _cLIB
999 _c23417
_d23417